Technology as a human affair
| Other Authors: | |
|---|---|
| Format: | Book |
| Published: |
New York :
McGraw-Hill ,
1990
|
| Subjects: |
MARC
| LEADER | 00000cam a2200000 7i4500 | ||
|---|---|---|---|
| 001 | 0000004919 | ||
| 002 | 000005304 | ||
| 005 | 20000330.0 | ||
| 020 | |a 0070286884 | ||
| 090 | 0 | 0 | |a 401 |b TEC |
| 245 | 0 | 0 | |a Technology as a human affair |c edited and with introductions by Larry A. Hickman |
| 260 | |a New York : |b McGraw-Hill , |c 1990 | ||
| 300 | |a 495p. ; |c 23cm. | ||
| 650 | 0 | 0 | |a Technology |x Philosophy |
| 700 | 1 | |a Hickman, Larry A | |
| 999 | |a 037644 |b BUKU |c PINJAMAN |e PERPUSTAKAAN KOMUNITI PETALING JAYA | ||